000 01258cad a22002295a 4500
001 L149911
008 100517s2010 xxk 000 0 eng d
035 _a(Sirsi) u149911
041 0 _aeng
245 0 0 _aHughes v Borodex Ltd
_h[electronic resource]
260 _c2010
520 _a[2010] EWCA Civ 425, 27 April 2010. Whether improvements whilst a tenant under a long residential tenancy within Landlord and Tenant Act 1954 Part 1 must on the expiry of that tenancy and the grant of an assured tenancy of the same premises be taken into account in fixing the rent. Improvements taken into account on subsequent reference under Housing Act 1988 leading to rent exceeding the £25 000 current statutory maximum protection for an assured tenant. "Held" appeal dismissed.
590 _aKA
650 2 4 _aHUGHES V BORODEX LTD
650 2 4 _aLANDLORD AND TENANT ACT 1954 PART I
650 2 4 _aHOUSING ACT 1988
650 2 4 _aLOCAL GOVERNMENT AND HOUSING ACT 1989 SCHED 10
651 4 _aENGLAND AND WALES
690 _aPROPERTY-RESIDENTIAL PROPERTY-RESIDENTIAL LANDLORD AND TENANT-RESIDENTIAL TENANCIES-ASSURED TENANCIES
856 4 8 _uhttps://www.bailii.org/ew/cases/EWCA/Civ/2010/425.html
_zView this item free of charge at www.bailii.org
942 _n0
999 _c82320
_d82320